LEADER 01412nam a2200289 a 4500 001 000000120913 003 CaOOAMICUS 005 20100326112911.0 008 100326s2010 it fho u000 u ita r 020 $a978-88-904307-3-2 040 $aPUL$bita$dReb 100 1 $aRonzani, Rocco,$cO.S.A.$0(OLS)http://pul/name/75695 245 10$aNote di sigillografia dell'Ordine di Sant'Agostino /$cRocco Ronzani O.S.A. 260 $aRoma :$bCentro Culturale Agostiniano,$c2010. 300 $a93 p. :$bill., facs, fotog., piante ;$c24 cm. 490 1 $aSubsidia Augustiniana Italica II ;$v01 504 $aBibliografia p. 83-88. 600 04$aAugustinus,$cs., vesc. d'Ippona,$d354-430$xOrdine religioso.$0(OLS)http://pul/subject/36669 600 04$aAugustinus,$cs., vesc. d'Ippona,$d354-430$xSigilli.$0(OLS)http://pul/subject/36670 650 4$aSigillografia.$0(OLS)http://pul/subject/35737 830 0$aSubsidia Augustiniana Italica II ;$v01.$0(OLS)http://pul/title/152078 850 $aPUL 852 $aPUL$W1$xSL Cons. Gen., Altre Classi 3$y75$m929. 9 RONRO 1$j138653$qDDC 21$B137874$CPULBib$Z2$F137874 $H112935 $82 941 1 $a9 996 $6020$a978-88-904307-3-2$9(OLS)http://pul/number/143691 996 $6245$aNote di sigillografia dell'Ordine di Sant'Agostino$9(OLS)http://pul/title/152079 996 $6260$aRoma :$bCentro Culturale Agostiniano$9(OLS)http://pul/publisher/81253 LEADER 01848nam a2200385 a 4500 001 000000169009 003 CaOOAMICUS 005 20180725101027.0 008 180725s2018 it u000 u ita r 020 $z978-88-9317-664-4* 032 $aLibriCat 040 $aPUL$bita 110 1 $aItalia.$0(OLS)http://pul/name/1188 240 10$aCodice di procedura penale (2018).$0(OLS)http://pul/title/209541 245 10$aCodice di procedura penale e il processo penale minorile commentati con la giurisprudenza /$ca cura di Piermaria Corso. 250 $a42. ed. 260 $aPiacenza :$bLa Tribuna,$cİ2018. 300 $a2397 p. ;$c21 cm. 490 1 $aI codici commentati con la giurisprudenza 2018 500 $aContiene indici. 500 $aTesto su due colonne. 500 $aSulla cop.: con le riforme della Riserva di codice (D.L.vo 1/3/2018, n. 21) e delle impugnazioni (D.L.vo 6/2/2018, n. 11). 630 04$aCodice di procedura penale$zItalia.$0(OLS)http://pul/subject/20312 650 4$aProcedura penale$zItalia.$0(OLS)http://pul/subject/12686 650 4$aDiritto minorile.$0(OLS)http://pul/subject/17921 650 4$aProcesso penale.$0(OLS)http://pul/subject/24333 700 1 $aCorso, Piermaria.$0(OLS)http://pul/name/35334 830 2$aI codici commentati con la giurisprudenza.$0(OLS)http://pul/title/135813 850 $aPUL 852 $aPUL$W1$xDP2 Diritto e Scienze Sociali 3$y110$m348. 45 COD 3.2.80$j192306$qDDC 21$B196970$CPULBib$Z2$F196970 $H131235 $81 941 1 $a9 996 $6020$z978-88-9317-664-4*$9(OLS)http://pul/number/164635 996 $6245$aCodice di procedura penale e il processo penale minorile commentati con la giurisprudenza$9(OLS)http://pul/title/139634 996 $6260$aPiacenza :$bLa Tribuna$9(OLS)http://pul/publisher/69734